Propuestas de mejoramiento preliminar del medio construido del reparto Juan Ramón Padilla del municipio de Ticuantepe
Presenta la evaluación de la problemática que afecta el medio construido y que influye de manera directa en la calidad de vida de los habitantes del reparto San Juan Ramón Padilla objeto de estudio, a partir de la aplicación de instrumental de evaluación, realizando y atendiendo todos los facto...
| Main Authors: | , , |
|---|---|
| Other Authors: | |
| Format: | Tesis Section = Libro |
| Language: | Undetermined Spanish |
| Published: |
Managua
UNI
2010
|
| Subjects: |
| LEADER | 01371nam a2200265Ia 4500 | ||
|---|---|---|---|
| 008 | 240830s9999 xx 000 0 und d | ||
| 040 | |a BIBLIOTECA-RUSB/ T.Mon 711 C579 | ||
| 041 | |a spa | ||
| 082 | |a T.Mon 711 C579 | ||
| 100 | 1 | |a Cisneros Sandoval, Lydia Verónica | |
| 100 | 1 | |b Huete Carrasco, Silvia María | |
| 100 | 1 | |c Aburto Calero, Atahualpa | |
| 245 | 1 | 0 | |a Propuestas de mejoramiento preliminar del medio construido del reparto Juan Ramón Padilla del municipio de Ticuantepe |
| 260 | |a Managua |b UNI |c 2010 | ||
| 300 | |a 83 p. :il. | ||
| 502 | |a Tesis (Arquitecto) - UNI, 2010. | ||
| 520 | 3 | |a Presenta la evaluación de la problemática que afecta el medio construido y que influye de manera directa en la calidad de vida de los habitantes del reparto San Juan Ramón Padilla objeto de estudio, a partir de la aplicación de instrumental de evaluación, realizando y atendiendo todos los factores que intervienen en su comportamiento, determinando la problemática y formulando propuestas de posibles soluciones. | |
| 650 | 7 | |a URBANISMO - PLANIFICACIÓN DE ESPACIO - TICUANTEPE ARQUITECTURA - DISEÑO Y PLANOS | |
| 650 | 7 | |b DESARROLLO URBANO | |
| 650 | 7 | |c DESARROLLO DE LA COMUNIDAD | |
| 650 | 7 | |d CALIDAD DE VIDA - POBLACIÓN - VIVIENDAS | |
| 700 | 1 | |a Tutor: |b Gómez Ortega, Graciela Dionides | |
| 942 | |c BK |2 ddc | ||
| 991 | |a TESIS | ||
| 999 | |c 21953 | ||